Printed Circuites Boards : Design and Technology/ (Record no. 2809)
[ view plain ]
| 000 -LEADER | |
|---|---|
| fixed length control field | 00682nac a22001811u 4500 |
| 020 ## - INTERNATIONAL STANDARD BOOK NUMBER | |
| International Standard Book Number | 0074515497 |
| 082 ## - DEWEY DECIMAL CLASSIFICATION NUMBER | |
| Classification number | 338.4762 |
| Item number | B654 |
| 090 ## - LOCALLY ASSIGNED LC-TYPE CALL NUMBER (OCLC); LOCAL CALL NUMBER (OCLC) | |
| -- | 2809 |
| -- | 2809 |
| 100 ## - MAIN ENTRY--PERSONAL NAME | |
| Personal name | Bosshart ,Walter C. |
| 245 ## - TITLE STATEMENT | |
| Title | Printed Circuites Boards : Design and Technology/ |
| Remainder of title | Design and Technology/ |
| Statement of responsibility, etc | Walter C.Bosshart. |
| 260 ## - PUBLICATION, DISTRIBUTION, ETC. (IMPRINT) | |
| Place of publication, distribution, etc | New Delhi:2005. |
| Name of publisher, distributor, etc | Tata McGraw-Hill , |
| Date of publication, distribution, etc | c.2005. |
| 300 ## - PHYSICAL DESCRIPTION | |
| Extent | 467p.: |
| Other physical details | ill; |
| Dimensions | 25cm. |
| 504 ## - BIBLIOGRAPHY, ETC. NOTE | |
| Bibliography, etc | Includes Index. |
| 650 ## - SUBJECT ADDED ENTRY--TOPICAL TERM | |
| Topical term or geographic name as entry element | Printed circuits industry. |
| 650 ## - SUBJECT ADDED ENTRY--TOPICAL TERM | |
| Topical term or geographic name as entry element | Surface mount technology. |
| 942 ## - ADDED ENTRY ELEMENTS (KOHA) | |
| Item type | Book - Borrowing |
| Call number prefix | 338.4762B654 |
| Withdrawn status | Item status | Damaged status | Not for loan | Home library | Current library | Shelving location | Date acquired | Source of acquisition | Total Checkouts | Full call number | Barcode | Date last seen | Koha item type |
|---|---|---|---|---|---|---|---|---|---|---|---|---|---|
| Central Library | Central Library | First floor | 07/03/2006 | Purchase | 338.4762 BOS | 000001319 | 15/07/2025 | Book - Borrowing |